| 000 | 004960000a22001810004500 | ||
|---|---|---|---|
| 003 | MACL | ||
| 005 | 20151205153006.0 | ||
| 008 | 151205b xxu||||| |||| 00| 0 eng d | ||
| 040 |
_aMACL _cMACL |
||
| 041 | _aEnglish | ||
| 082 | _a741.642 | ||
| 100 |
_aAngel Publishing House _919356 |
||
| 245 |
_aStories From Fairy Land _b2 Stories The Ugly Duckling Chikoo The Brave Deer |
||
| 260 | _bAngel PublishingHouse | ||
| 350 | _a25 | ||
| 650 |
_aChildren's Book _919357 |
||
| 942 |
_cBK _k741.642 _2ddc |
||
| 999 |
_c21502 _d21502 |
||